00968nam a2200241 i 450000100060000000300090000600500170001500700030003200800410003510000500007624501600012626000360028630000220032249000360034470000510038070000260043170000270045774000270048483000440051185200320055599900170058795201220060496381ES-MaACL20230906181913.0t|050616s1972 sp ||||1| spa d1 aMaiakovskiï, Vladimir Vladimirovich.97555313aLa rebelión de los objetos / cVladimir Maiakovsky; Don Quijote libertado. Anatolio Vasilovich Lunatcharsky; [traducción: José Hesse, Carlota Hesse]. aMadrid : bFundamentos, c1972. a126 p. ; c18 cm.1 aLos cuadernos prácticos ; v61 aLunacharskiï, Anatoliï Vasil'evich.9747791 aHesse, José.9634731 aHesse, Carlota.9634690 aDon Quijote libertado.0 aLos cuadernos prácticos ; v69232243 aES-MaACLjC-53523 bR.85143 c96381d96381 00104070aATENEOMbATENEOMcDEPO2d2008-01-17eSCl0oC-53523p1100626r2023-02-23 00:00:00w2023-02-23yMONOGRAFIA